2018 Year in Review - Statistics

General Stats
  • This quiz has been taken 41 times
  • The average score is 9 of 15
Answer Stats
Hint Answer % Correct
February 9-25- The 2018 Winter Olympics are held in Pyeongchang, ____ _____ South Korea
95%
May 19- The wedding of Prince _____ and Meghan Markle is held at St George's Chapel, England with an estimated global audience of 1.9 billion Harry
89%
July 10- Twelve boys and their football coach are successfully rescued from the flooded Tham Luang Nang Non cave in _______, following a 17-day ordeal that gained worldwide attention. One person is killed. Thailand
82%
April 6- A semi-truck collides with a bus carrying the Humboldt Broncos ice hockey junior team in Saskatchewan, ______, killing 16 and injuring 13 people. Canada
79%
August 7- The United States reimposes ________ on Iran sanctions
74%
May 8- U.S. President Donald Trump announces his intention to _______ from the Iranian nuclear agreement withdraw
74%
June 14-July 15- The 2018 FIFA World Cup is held in _____, and is won by France Russia
68%
March 4- Former Russian double agent Sergei Skripal and his daughter are poisoned by the Novichok nerve agent in Salisbury, _______. England
66%
August 25- The amateur boxing match between KSI and _____ ____ takes place at Manchester Arena Logan Paul
66%
October 16- Canada legalises the sale and use of _______, becoming the second country in the world to do so after Uruguay in 2013 cannabis
58%
January 20-22- The U.S. Government enters a federal government ______ as a result of a dispute over Deferred Action for Childhood Arrivals shutdown
50%
June 18- Rapper ___________ is assassinated in Deerfield Beach, Florida XXXTentacion
47%
December 26- The ___ _____ Industrial Average posts its largest ever one-day point gain: 1,086 points Dow Jones
45%
December 1-8- France experiences its worst civil unrest since the protests of 1968 due to the yellow ____ movement. Protests in Paris morph into riots, with hundreds of people injured and thousands arrested vests
32%
November 8- The Camp Fire ignites in _____ County, California Butte
5%
No matching quizzes found
Score Distribution
Percent of People with Each Score
Percentile by Number Answered
Your Score History
You have not taken this quiz